00374nam a2200121Ia 45000010005000000080041000050820023000461000035000692450082001042600024001869010027002109990015002371744241024s9999 xx 000 0 und d aRD/923.27293/R426m aRepública Dominicana. MINERD 0aMemorias del lanzamiento del Centenario del Natalicio del Profesor Juan Bosch bSanto Domingoc2009 a22/9/2011 3:34:14 p.m. c7645d7645